|
|
|
|
| LEADER |
00000nam0a2200000 4500 |
| 001 |
342626 |
| 005 |
20231102005455.0 |
| 035 |
|
|
|a (RuTPU)RU\TPU\book\371798
|
| 090 |
|
|
|a 342626
|
| 100 |
|
|
|a 20190321d1980 m y0rusy50 ca
|
| 101 |
0 |
|
|a fre
|a rus
|
| 102 |
|
|
|a RU
|
| 105 |
|
|
|a a j 001zy
|
| 200 |
1 |
|
|a Читай и говори по-французски
|h Вып. 12
|f сост. Р. А. Городецкий
|
| 210 |
|
|
|a Москва
|c Военное изд-во
|d 1980
|
| 215 |
|
|
|a 208 с.
|c ил.
|
| 320 |
|
|
|a Словари: с. 185-207
|
| 510 |
1 |
|
|a Lire et Parler
|z fre
|
| 606 |
1 |
|
|a Французский язык
|x Учебные руководства и пособия для вузов
|x Пособия по развитию речи
|2 stltpush
|3 (RuTPU)RU\TPU\subj\16839
|9 42739
|
| 610 |
1 |
|
|a лексика
|
| 610 |
1 |
|
|a чтение
|
| 610 |
1 |
|
|a говорение
|
| 610 |
1 |
|
|a разговорная речь
|
| 610 |
1 |
|
|a устно-речевое общение
|
| 610 |
1 |
|
|a тексты
|
| 610 |
1 |
|
|a упражнения
|
| 686 |
|
|
|a Ш147.11-923.4
|v LBC/SL-A
|2 rubbk
|
| 702 |
|
1 |
|a Городецкий
|b Р. А.
|4 220
|
| 801 |
|
1 |
|a RU
|b 63413507
|c 20190321
|
| 801 |
|
2 |
|a RU
|b 63413507
|c 20210416
|g RCR
|
| 942 |
|
|
|c BK
|